UK Towns Quiz - East Sussex - Extreme - Statistics

General Stats
  • This quiz has been taken 132 times
  • The average score is 20 of 52
Answer Stats
Clue Population Name of Town % Correct
H 91,480 Hastings
100%
B 277,106 Brighton and Hove
99%
E 99,189 Eastbourne
99%
B 43,754 Bexhill-on-Sea
78%
L 16,070 Lewes
78%
N 12,854 Newhaven
74%
R 4,885 Rye
73%
S 23,865 Seaford
73%
U 15,033 Uckfield
69%
B 5,330 Battle
65%
P 15,707 Peacehaven
65%
E 1,599 East Dean
60%
H 22.551 Hailsham
59%
P 10,066 Polegate
57%
C 21,990 Crowborough
53%
P 2,887 Pevensey Bay
53%
H 1,179 Hurst Green
42%
W 1,025 Winchelsea Beach
42%
H 7,667 Heathfield
41%
R 1,436 Robertsbridge
33%
E 2,891 East Saltdean
32%
F 1,062 Five Ash Down
32%
R 3,221 Ringmer
31%
S 5,038 Stone Cross
30%
H 1,221 Herstmonceux
28%
N 2,687 Newick
27%
W 3,407 Wadhurst
27%
C 1,130 Camber
26%
D 1,123 Ditchling
26%
F 3,881 Forest Row
26%
P 1,059 Plumpton Green
25%
M 1,366 Maresfield
23%
N 1,914 Northiam
23%
B 1,617 Buxted
22%
H 1,796 Horam
22%
M 2,254 Mayfield
22%
W 1,856 Westham
22%
B 1,335 Burwash
19%
H 2,618 Hellingly
19%
N 1,293 Ninfield
18%
T 4,236 Telscombe Cliffs
18%
W 1,272 Westfield
18%
G 1,078 Groombridge
17%
R 1,222 Rotherfield
17%
F 1,566 Fairlight
16%
T 1,465 Ticehurst
16%
W 1,012 Wivelsfield Green
16%
L 6,131 Lower Willingdon
15%
N 1,216 Nutley
15%
N 1,013 North Chailey
14%
B 1,099 Broad Oak
10%
C 3,054 Crumbles
5%
No matching quizzes found
Score Distribution
Percent of People with Each Score
Percentile by Number Answered
Your Score History
You have not taken this quiz